Missing Word: Hans Zimmer Quiz Stats

Quiz Updated Sep 6, 2016

Challenge
Share
Tweet
Embed
Score 0/20 Timer 04:00
0 Plays Today
Movie Missing Word % Correct
The Da Vinci _____Code
98.7%
Pirates of the Caribbean: _____ Man's ChestDead
96.4%
Mission: _____ IIImpossible
96%
Kung Fu _____Panda
95.9%
The _____ RangerLone
94.7%
_____ & Demons Angels
93.7%
12 Years a _____Slave
92.7%
_____ Harbor Pearl
92.4%
_____ RunningsCool
91.3%
A _____ of Their OwnLeague
90.8%
Movie Missing Word % Correct
The Simpsons _____Movie
89.8%
_____ Arthur King
84.7%
_____ BeginsBatman
78.1%
_____/NixonFrost
76.7%
The _____ KingLion
68.4%
Man of _____Steel
54%
Broken _____Arrow
54%
The Last _____Samurai
40.1%
Madagascar 3: _____ Most WantedEurope's
31.2%
Woman in _____Gold
9.9%

Today's Daily Dose

You're not logged in!

Compare scores with friends on all Sporcle quizzes.
Sign Up with Email
OR
Log In

You Might Also Like...

Show Comments

Extras

Top Quizzes Today


Score Distribution

Your Account Isn't Verified!

In order to create a playlist on Sporcle, you need to verify the email address you used during registration. Go to your Sporcle Settings to finish the process.